000 00775nam a2200193 a 4500
003 0
005 20250214150527.0
008 110621s19uu xx 00 eng d
050 _aPHS DA 588
_b.St847 2011
100 _aStevenson, Stephannie C.
245 _aThe critical leadership traits demonstrated by Winston Churchill from 1940-1945 /
_cStephannie C. Stevenson.
260 _aLas PiƱas City, Philippines :
_bSouthville International School and Colleges,
_c2011.
300 _a53 pages :
_billustrations ;
_c28 cm.
504 _aIncludes bibliographical references.
600 _aChurchill, Winston, 1874-1965
_xLeadership.
650 _aLeadership
_zGreat Britain
_vHistory
_y20th century.
650 _aPolitical leadership
_zGreat Britain
_vHistory.
942 _2lcc
_cPASS
999 _c98551
_d98551